Sports Quiz

Random Sports Quiz

Celtics Playoffs Points Leaders Quiz Stats

 Plays Quiz not verified by Sporcle

Challenge
Share
Tweet
Embed
Score 0/20 Timer 13:00
0 Plays Today
% Correct
Paul Pierce
100%
Larry Bird
97.7%
Bill Russell
97.7%
Ray Allen
94.3%
Robert Parish
88.5%
Kevin McHale
87.4%
John Havlicek
85.1%
Bob Cousy
85.1%
Sam Jones
78.2%
Dennis Johnson
72.4%
% Correct
Rajon Rondo
71.3%
Danny Ainge
63.2%
Dave Cowens
62.1%
JoJo White
59.8%
Tom Heinsohn
58.6%
Cedric Maxwell
44.8%
Don Nelson
39.1%
Bill Sharman
37.9%
Tom Sanders
26.4%
Frank Ramsey
17.2%

You're not logged in!

Compare scores with friends on all Sporcle quizzes.
OR
Log In

You Might Also Like...

Show Comments

Extras

Top Quizzes Today


Score Distribution

Your Account Isn't Verified!

In order to create a playlist on Sporcle, you need to verify the email address you used during registration. Go to your Sporcle Settings to finish the process.

Report this User

Report this user for behavior that violates our Community Guidelines.

Details: